[Event "Hastings Masters 2017-18"]
[Site "Hastings ENG"]
[Date "2018.01.01"]
[Round "5.40"]
[White "Kearsley, Raymond J"]
[Black "Verma, Shlok"]
[Result "1/2-1/2"]
[WhiteElo "1720"]
[BlackElo "1553"]
[WhiteFideId "470562"]
[BlackFideId "441228"]
[EventDate "2017.12.28"]

1. e4 e6 2. d4 d5 3. Nc3 dxe4 4. Nxe4 Bd7 5. Nf3 Bc6 6. Bd3 Nd7 7. O-O Ngf6 8.
Nxf6+ Qxf6 9. c3 h6 10. Re1 Bd6 11. Be4 Bxe4 12. Rxe4 O-O 13. Qe2 Rad8 14. Ne5
Bxe5 15. dxe5 Nxe5 16. Bf4 Nc6 17. Bxc7 Rd7 18. Bf4 Rfd8 19. h3 Qf5 20. Qc4 e5
21. g4 Qf6 22. Be3 Qf3 23. Rf1 Qxh3 24. Qe2 Rd6 25. f3 Rd3 26. Bd4 exd4 27. Qxd3
Qg3+ 28. Kh1 Qh3+ 1/2-1/2

[Event "Hastings Masters 2017-18"]
[Site "Hastings ENG"]
[Date "2018.01.02"]
[Round "6.16"]
[White "Tserendorj, Batsaikhan"]
[Black "Bates, Richard A"]
[Result "0-1"]
[BlackTitle "IM"]
[WhiteElo "2066"]
[BlackElo "2378"]
[WhiteFideId "2023334"]
[BlackFideId "403555"]
[EventDate "2017.12.28"]

1. d4 Nf6 2. c4 e6 3. Nc3 Bb4 4. f3 c5 5. d5 O-O 6. e4 d6 7. Bd3 b5 8. Ne2 a6 9.
O-O exd5 10. cxd5 Nbd7 11. Bg5 Re8 12. Kh1 h6 13. Bd2 Ba5 14. Qe1 Ne5 15. Bc2 b4
16. Nd1 Nc4 17. b3 Nxd2 18. Qxd2 c4 19. Ne3 c3 20. Qd3 Bb6 21. Nc4 a5 22. Nxb6
Qxb6 23. Qd4 Nd7 24. Rfe1 Qc5 25. Rad1 Ba6 26. Ng3 g6 27. f4 a4 28. Qxc5 Nxc5
29. e5 axb3 30. axb3 Bb7 31. Nf1 Ra2 32. Ne3 dxe5 33. f5 gxf5 34. Bxf5 e4 35. d6
Nd3 36. Ng4 Kg7 0-1

[Event "Hastings Masters 2017-18"]
[Site "Hastings ENG"]
[Date "2018.01.03"]
[Round "7.1"]
[White "Vakhidov, Jakhongir"]
[Black "Gormally, Daniel W"]
[Result "1-0"]
[WhiteTitle "GM"]
[BlackTitle "GM"]
[WhiteElo "2500"]
[BlackElo "2477"]
[WhiteFideId "14201801"]
[BlackFideId "406465"]
[EventDate "2017.12.28"]

1. d4 Nf6 2. c4 g6 3. g3 Bg7 4. Bg2 O-O 5. Nc3 d6 6. Nf3 c6 7. O-O Bf5 8. Ng5 h6
9. e4 Bg4 10. f3 Bd7 11. Nh3 e5 12. Be3 Na6 13. Qd2 Kh7 14. Nf2 Qe7 15. Rad1
Rfd8 16. Rfe1 Nc7 17. d5 cxd5 18. cxd5 Nb5 19. Nxb5 Bxb5 20. Rc1 b6 21. Nd3 Qb7
22. Bf1 Rdc8 23. Qb4 Qa6 24. Qb3 Qa5 25. Nb4 Bxf1 26. Rxf1 Qb5 27. a4 Qd7 28.
Rc6 Ng8 29. Rfc1 Ne7 30. Qc4 Nxc6 31. dxc6 Qe6 32. Nd5 f5 33. b4 Qf7 34. b5 Rf8
35. Kg2 f4 36. gxf4 exf4 37. Bxb6 axb6 38. Nxb6 d5 39. Qxd5 Qf6 40. Rd1 Rad8 41.
Nd7 Rxd7 42. cxd7 Qd8 43. b6 1-0

[Event "Hastings Masters 2017-18"]
[Site "Hastings ENG"]
[Date "2018.01.03"]
[Round "7.2"]
[White "Stany, G.A."]
[Black "Arkell, Keith C"]
[Result "1/2-1/2"]
[WhiteTitle "IM"]
[BlackTitle "GM"]
[WhiteElo "2502"]
[BlackElo "2416"]
[WhiteFideId "5029104"]
[BlackFideId "400270"]
[EventDate "2017.12.28"]

1. e4 d5 2. exd5 Qxd5 3. Nc3 Qd6 4. d4 Nf6 5. Nf3 g6 6. Ne5 Bg7 7. Bc4 O-O 8.
O-O c6 9. Re1 Nbd7 10. Bf4 Nh5 11. Ne4 Qc7 12. Nxd7 Qxd7 13. Be5 b6 14. Bxg7
Kxg7 15. c3 Bb7 16. Qe2 Rae8 17. Rad1 Nf4 18. Qf3 Nd5 19. Bb3 Qf5 20. Qg3 Qf4
21. Qxf4 Nxf4 22. f3 Rd8 23. g3 Nd5 24. Kf2 Rd7 25. Nd2 e6 26. Nc4 Nf6 27. Ne5
Rd6 28. a4 Rc8 29. a5 Nd7 30. axb6 axb6 31. Nc4 Rd5 32. Bc2 Ba6 33. Ne3 Rd6 34.
Ra1 Nb8 35. Red1 Kf8 36. Bb3 Ke7 37. Bc4 b5 38. Be2 c5 39. dxc5 Rxd1 40. Bxd1
Rxc5 41. Nc2 Bc8 42. Ra8 Nd7 43. Be2 Nb6 44. Ra7+ Bd7 45. Nd4 Nc8 46. Rb7 Nd6
47. Rb8 e5 48. Nc2 Rc8 49. Rxc8 Bxc8 50. Na3 1/2-1/2

[Event "Hastings Masters 2017-18"]
[Site "Hastings ENG"]
[Date "2018.01.03"]
[Round "7.3"]
[White "Lou, Yiping"]
[Black "Taylor, Adam C"]
[Result "1-0"]
[WhiteTitle "IM"]
[BlackTitle "FM"]
[WhiteElo "2462"]
[BlackElo "2242"]
[WhiteFideId "8603928"]
[BlackFideId "424668"]
[EventDate "2017.12.28"]

1. Nf3 Nf6 2. d4 e6 3. c4 d5 4. Nc3 Bb4 5. Qb3 c5 6. dxc5 Nc6 7. Bg5 dxc4 8.
Qxc4 Qd5 9. Qxb4 Nxb4 10. Nxd5 Nfxd5 11. e4 Nf6 12. Bxf6 gxf6 13. Kd2 Bd7 14. a3
Nc6 15. b4 Ke7 16. Bd3 Rad8 17. Kc3 Rhg8 18. g3 e5 19. Bc4 Bg4 20. Nd2 Nd4 21.
Rhe1 b6 22. cxb6 axb6 23. Rac1 b5 24. Bf1 Rd7 25. Kb2 Rgd8 26. Nb1 Be6 27. Re3
Rb7 28. f4 Rd6 29. Rc5 Nb3 30. fxe5 fxe5 31. Rxb5 Rbd7 32. Be2 Rd2+ 33. Nxd2
Rxd2+ 34. Kc3 Rxe2 35. Rb7+ 1-0

[Event "Hastings Masters 2017-18"]
[Site "Hastings ENG"]
[Date "2018.01.03"]
[Round "7.4"]
[White "Fier, Alexandr"]
[Black "Derakhshani, Borna"]
[Result "1/2-1/2"]
[WhiteTitle "GM"]
[BlackTitle "FM"]
[WhiteElo "2576"]
[BlackElo "2298"]
[WhiteFideId "2107139"]
[BlackFideId "12518450"]
[EventDate "2017.12.28"]

1. d4 Nf6 2. c4 e6 3. Nc3 Bb4 4. e3 c5 5. Ne2 d5 6. a3 Bxc3+ 7. Nxc3 cxd4 8.
exd4 dxc4 9. Bxc4 Nc6 10. Be3 O-O 11. O-O Nd5 12. Qf3 Nxe3 13. Qxe3 Qxd4 14. Qe2
e5 15. Kh1 Bf5 16. Rad1 Qg4 17. f3 Qg6 18. Bd5 Rae8 19. Qf2 a6 20. Qc5 Nd8 21.
Rfe1 Ne6 22. Bxe6 Qxe6 23. Nd5 f6 24. Nc7 Qe7 25. Qd5+ Be6 26. Qxb7 Rc8 27. Rc1
Rfd8 28. Qxa6 Rxc7 29. Rxc7 Qxc7 30. Qxe6+ Kh8 31. f4 Qa5 32. b4 Qxa3 33. Qb6
Qa8 34. fxe5 fxe5 35. Qa5 Qb8 36. h3 e4 37. Qc5 Re8 38. Qc6 e3 39. b5 e2 40. b6
Re7 41. Qc5 Qe8 42. Qb4 Qf7 43. Qd2 h6 44. Kh2 Qf6 45. Qd8+ Kh7 46. Qd3+ Qg6 47.
Qxg6+ Kxg6 48. Kg3 Rb7 49. Rxe2 Rxb6 1/2-1/2

[Event "Hastings Masters 2017-18"]
[Site "Hastings ENG"]
[Date "2018.01.03"]
[Round "7.5"]
[White "Wegerle, Joerg"]
[Black "Sengupta, Deep"]
[Result "0-1"]
[WhiteTitle "IM"]
[BlackTitle "GM"]
[WhiteElo "2421"]
[BlackElo "2586"]
[WhiteFideId "4644743"]
[BlackFideId "5008352"]
[EventDate "2017.12.28"]

1. e4 e5 2. Nf3 Nc6 3. Bb5 a6 4. Bxc6 dxc6 5. O-O Bd6 6. d4 exd4 7. Qxd4 f6 8.
Be3 Ne7 9. Nbd2 Be6 10. Qc3 Qd7 11. Nc4 Bxc4 12. Qxc4 O-O-O 13. a4 Rhe8 14. a5
Ng6 15. Ra4 Qe6 16. Qxe6+ Rxe6 17. Re1 c5 18. g3 Ne7 19. Kf1 Nc6 20. c3 Bf8 21.
Nd2 Ne5 22. Ke2 g6 23. Rd1 Ng4 24. Nf1 Rde8 25. f3 Nxe3 26. Nxe3 f5 27. Kd3 Rd8+
28. Kc2 Rde8 29. Kd3 fxe4+ 30. Rxe4 Rxe4 31. fxe4 Rd8+ 32. Kc4 Rxd1 33. Nxd1 Kd7
34. Kd5 Bd6 35. Nf2 c6+ 36. Kc4 Bc7 37. Nd3 Bxa5 38. Nxc5+ Kc7 39. Ne6+ Kd6 40.
Nf8 Bd8 41. Nxh7 Be7 42. h4 Ke5 43. Kd3 a5 44. Ke3 a4 45. g4 b5 46. g5 c5 47.
Kd3 Ke6 48. Ke3 Kf7 49. e5 Ke6 50. Nf6 Kxe5 51. Ng4+ Kf5 52. Nh6+ Ke6 53. Ng4
Bd6 54. Nf6 Be5 55. Ne4 Kd5 56. Nd2 b4 57. Kd3 bxc3 58. bxc3 a3 59. Kc2 a2 60.
Nb3 c4 61. Na1 Ke4 62. Kb2 Kd3 63. Kxa2 Bxc3 64. Kb1 Bxa1 0-1

[Event "Hastings Masters 2017-18"]
[Site "Hastings ENG"]
[Date "2018.01.03"]
[Round "7.6"]
[White "Kristiansen, Jens"]
[Black "Das, Arghyadip"]
[Result "0-1"]
[WhiteTitle "GM"]
[BlackTitle "IM"]
[WhiteElo "2415"]
[BlackElo "2451"]
[WhiteFideId "1400061"]
[BlackFideId "5003610"]
[EventDate "2017.12.28"]

1. e4 e6 2. d3 d5 3. Nd2 c5 4. Ngf3 Nc6 5. g3 Nf6 6. Bg2 g6 7. O-O Bg7 8. c3 O-O
9. Re1 a5 10. a4 b6 11. e5 Ng4 12. d4 cxd4 13. cxd4 f6 14. h3 Nh6 15. exf6 Qxf6
16. Nb3 Bd7 17. Bg5 Qf7 18. Bf4 Nf5 19. Rc1 h6 20. Qd2 g5 21. Bxg5 hxg5 22. Nxg5
Bh6 23. g4 Nh4 24. Nxf7 Bxd2 25. Nxd2 Rxf7 0-1

[Event "Hastings Masters 2017-18"]
[Site "Hastings ENG"]
[Date "2018.01.03"]
[Round "7.7"]
[White "Hebden, Mark L"]
[Black "Lalic, Bogdan"]
[Result "1-0"]
[WhiteTitle "GM"]
[BlackTitle "GM"]
[WhiteElo "2445"]
[BlackElo "2415"]
[WhiteFideId "400084"]
[BlackFideId "409081"]
[EventDate "2017.12.28"]

1. d4 e6 2. Nf3 c5 3. e3 Nf6 4. c4 a6 5. Nc3 d5 6. cxd5 exd5 7. g3 c4 8. Ne5 b5
9. Bg2 Bb7 10. O-O Nbd7 11. b3 b4 12. Nxd7 Qxd7 13. Na4 Qb5 14. e4 c3 15. e5 Nd7
16. a3 a5 17. Re1 Be7 18. Qg4 Kf8 19. axb4 axb4 20. Bg5 Bxg5 21. Qxg5 h6 22.
Nxc3 Qb6 23. Rxa8+ Bxa8 24. Qg4 Qe6 25. Qxe6 fxe6 26. Na2 Ke7 27. Rc1 Rb8 28.
Bf1 Rb6 29. Rc8 Bb7 30. Rh8 Nf8 31. f4 Ba6 32. Bxa6 Rxa6 33. Nxb4 Rb6 34. Nd3
Rxb3 35. Nc5 Rb1+ 36. Kg2 Rb2+ 37. Kf3 Rxh2 38. Nb7 Rd2 39. Nd6 Rxd4 40. Rg8
Rd3+ 41. Kg4 g6 42. Rg7+ Kd8 43. Nf7+ Kc7 44. Nxh6+ Kc6 45. Nf7 d4 46. Nd8+ Kd5
47. Rf7 Re3 48. Rxf8 d3 49. Rf7 1-0

[Event "Hastings Masters 2017-18"]
[Site "Hastings ENG"]
[Date "2018.01.03"]
[Round "7.8"]
[White "Buchenau, Frank"]
[Black "Bates, Richard A"]
[Result "0-1"]
[WhiteTitle "FM"]
[BlackTitle "IM"]
[WhiteElo "2236"]
[BlackElo "2378"]
[WhiteFideId "4604350"]
[BlackFideId "403555"]
[EventDate "2017.12.28"]

1. e4 c5 2. Nf3 d6 3. Bb5+ Nd7 4. O-O a6 5. Bd3 Ngf6 6. Re1 Qc7 7. c3 b5 8. a4
b4 9. b3 Bb7 10. Bb2 e5 11. Bc4 Be7 12. cxb4 cxb4 13. d4 O-O 14. Nbd2 Rac8 15.
Qe2 a5 16. Rac1 Qb8 17. h3 Bd8 18. Bb5 Bc7 19. Red1 Qa8 20. Nh4 g6 21. dxe5 dxe5
22. Nc4 Nc5 23. Nxe5 Ncxe4 24. Nd7 Nxd7 25. Bxd7 Bb6 26. Bxc8 Bxf2+ 27. Qxf2
Nxf2 28. Bxb7 Nxh3+ 29. gxh3 Qxb7 30. Rc4 Qe7 31. Ng2 Qe2 32. Rb1 Qd3 33. Rcc1
Qxb3 34. Bg7 Qxa4 35. Bxf8 Kxf8 36. Rc8+ Kg7 37. Kh2 Qd7 38. Ra8 Qb7 39. Re8 a4
40. Ne3 Qc7+ 41. Kg1 b3 42. Kf2 Qc6 43. Rb8 Qd6 44. Ra8 Qf4+ 45. Ke2 Qe4 0-1

[Event "Hastings Masters 2017-18"]
[Site "Hastings ENG"]
[Date "2018.01.03"]
[Round "7.9"]
[White "Eames, Robert S"]
[Black "Cherniaev, Alexander"]
[Result "1/2-1/2"]
[WhiteTitle "FM"]
[BlackTitle "GM"]
[WhiteElo "2159"]
[BlackElo "2436"]
[WhiteFideId "408743"]
[BlackFideId "4117301"]
[EventDate "2017.12.28"]

1. Nf3 g6 2. e4 Bg7 3. d4 d6 4. Bc4 c6 5. Bb3 d5 6. e5 Bg4 7. Nbd2 e6 8. h3 Bxf3
9. Nxf3 Nd7 10. O-O Ne7 11. Re1 O-O 12. c3 c5 13. Bf4 Nc6 14. h4 cxd4 15. cxd4
f6 16. exf6 Qxf6 17. Bg5 Qf5 18. Qd2 Rae8 19. Rad1 Qg4 20. Qe3 Nb6 21. Nh2 Qf5
22. Re2 e5 23. dxe5 Rxe5 24. Qd2 Rxe2 25. Qxe2 Nd4 26. Qe3 Nxb3 27. axb3 Qc2 28.
Rc1 Qxb2 29. Ng4 h5 30. Nh6+ Kh7 31. Rc7 Nc8 32. Rxb7 Nd6 33. Rxa7 Ne4 34. f3
Nxg5 35. hxg5 Rc8 1/2-1/2

[Event "Hastings Masters 2017-18"]
[Site "Hastings ENG"]
[Date "2018.01.03"]
[Round "7.10"]
[White "Villiers, Thomas"]
[Black "Radovanovic, Jovica"]
[Result "0-1"]
[BlackTitle "FM"]
[WhiteElo "2136"]
[BlackElo "2320"]
[WhiteFideId "427209"]
[BlackFideId "915912"]
[EventDate "2017.12.28"]

1. c4 Nf6 2. Nf3 g6 3. b3 Bg7 4. Bb2 O-O 5. g3 d6 6. Bg2 e5 7. d4 e4 8. Nfd2 Re8
9. e3 Bf5 10. Nc3 c5 11. d5 Qe7 12. O-O Nbd7 13. Qc2 h5 14. h3 Nf8 15. a3 N8h7
16. b4 b6 17. bxc5 bxc5 18. Rab1 Ng5 19. h4 Nf3+ 20. Bxf3 exf3 21. e4 Nxe4 22.
Ncxe4 Bxe4 23. Qxe4 Qxe4 24. Nxe4 Rxe4 25. Bxg7 Kxg7 26. Rfc1 Rae8 27. Kf1 Rd4
28. Rc3 Re7 29. a4 Rb7 30. Re1 a5 31. Kg1 Kf8 32. Rxf3 Rxc4 33. Re6 Rb3 34. Rff6
Kg7 35. Rxd6 Rxa4 36. Ra6 Rd4 37. Rfc6 Rxd5 38. Rxa5 Rc3 39. Rc7 Rc1+ 40. Kg2
Rc2 41. Ra3 Rf5 42. Rf3 Rf6 43. Rxf6 Kxf6 44. Kf3 Ke6 45. Ke3 f6 46. Ke4 Re2+
47. Kf3 Re5 48. Rc6+ Kd5 49. Rxf6 Rf5+ 50. Rxf5+ gxf5 51. Ke2 Kd4 52. f3 c4 53.
Kd2 c3+ 54. Kc2 Kc4 55. g4 fxg4 56. fxg4 hxg4 57. h5 g3 58. h6 g2 59. h7 g1=Q
60. h8=Q Qf2+ 61. Kc1 Qb2+ 62. Kd1 Qd2# 0-1

[Event "Hastings Masters 2017-18"]
[Site "Hastings ENG"]
[Date "2018.01.03"]
[Round "7.11"]
[White "Byron, Alan M"]
[Black "Murphy, Conor E"]
[Result "1-0"]
[BlackTitle "FM"]
[WhiteElo "2099"]
[BlackElo "2313"]
[WhiteFideId "401773"]
[BlackFideId "421669"]
[EventDate "2017.12.28"]

1. e4 c5 2. Nf3 e6 3. d4 cxd4 4. Nxd4 Nc6 5. Nc3 Qc7 6. Be3 a6 7. Qd2 Nf6 8. f3
Be7 9. O-O-O b5 10. Kb1 h5 11. Qf2 Ne5 12. Bd3 Rb8 13. Nce2 d6 14. Bc1 Nc4 15.
g4 hxg4 16. f4 e5 17. fxe5 dxe5 18. Nf5 Bxf5 19. Qxf5 Rh5 20. Qf1 b4 21. Ng3
Na3+ 22. Ka1 Rh3 23. bxa3 bxa3 24. Bc4 Bb4 25. Bb3 a5 26. Qa6 Rb6 27. Qa8+ Rb8
28. Qa6 Kf8 29. Rd3 Nd7 30. Rf1 Nf6 31. Rxf6 gxf6 32. Qxf6 Bc3+ 33. Kb1 Bd4 34.
Bxa3+ Kg8 35. Nf5 Rh7 36. Ne7+ Qxe7 37. Qxe7 a4 38. Qc7 Ra8 39. Qc6 Rb8 40. Qd6
Ra8 41. Qg6+ Kh8 42. Qf6+ Kg8 43. Rg3 1-0

[Event "Hastings Masters 2017-18"]
[Site "Hastings ENG"]
[Date "2018.01.03"]
[Round "7.12"]
[White "Muir, Andrew J"]
[Black "Rogacewicz, Mikolaj"]
[Result "1-0"]
[WhiteTitle "IM"]
[WhiteElo "2297"]
[BlackElo "1961"]
[WhiteFideId "2400138"]
[BlackFideId "21842981"]
[EventDate "2017.12.28"]

1. d4 e6 2. c4 Nf6 3. Nc3 Bb4 4. a3 Bxc3+ 5. bxc3 c5 6. f3 d5 7. e3 O-O 8. cxd5
exd5 9. Bd3 Nc6 10. Ne2 Re8 11. O-O b6 12. Ng3 a5 13. Re1 Ba6 14. Bxa6 Rxa6 15.
Ra2 cxd4 16. cxd4 b5 17. Rc2 Qb6 18. Rc5 a4 19. Qd3 Rb8 20. e4 dxe4 21. fxe4 Nd7
22. Rd5 Nde5 23. Qc3 Nc4 24. Nf5 N6e5 25. Bf4 Re8 26. Bxe5 1-0

[Event "Hastings Masters 2017-18"]
[Site "Hastings ENG"]
[Date "2018.01.03"]
[Round "7.13"]
[White "Norinkeviciute, Rasa"]
[Black "Mannion, Stephen R"]
[Result "1/2-1/2"]
[WhiteTitle "WFM"]
[BlackTitle "IM"]
[WhiteElo "1993"]
[BlackElo "2285"]
[WhiteFideId "12801925"]
[BlackFideId "2400111"]
[EventDate "2017.12.28"]

1. c4 Nf6 2. g3 c6 3. Nf3 d5 4. Qc2 g6 5. b3 Bg7 6. Bb2 O-O 7. Bg2 Re8 8. d3
Nbd7 9. Nbd2 e5 10. e4 b6 11. O-O Bb7 12. Rfe1 dxe4 13. Nxe4 Nxe4 14. dxe4 Qc7
15. Rad1 c5 16. Bc3 Nf8 17. Qb2 f6 18. Nd2 Ne6 19. Nf1 Nd4 20. Ne3 Rad8 21. Nd5
Qd6 22. Qd2 Bc8 23. Qd3 f5 24. Bd2 fxe4 25. Bxe4 Rf8 26. f3 Bf5 27. Rf1 Rf7 28.
Rf2 Rdf8 29. Rdf1 Kh8 30. Bc1 Qd8 31. Bd2 Ne6 32. Qe3 g5 33. Bxf5 Rxf5 34. Bc3
Nd4 35. Qe4 Qd7 36. Kg2 Qd6 37. Bd2 h6 38. Bc1 b5 39. Ne3 R5f7 40. cxb5 Nxb5 41.
Nc4 Qc7 42. Bb2 Nd4 43. Bc3 Rf5 44. Ne3 R5f7 45. Nc4 Qe7 46. Qg4 Kg8 47. Bd2 Qf6
48. Bc3 Qc6 49. Qe4 Rxf3 50. Qxc6 Rxf2+ 51. Rxf2 Rxf2+ 52. Kxf2 Nxc6 53. Ke3 Kf7
54. Ke4 Ke6 55. g4 Bf6 56. h3 Bg7 57. Na5 Nd8 58. Nc4 Nc6 59. Na5 Nb8 60. Nb7
Nd7 61. Nd8+ Ke7 62. Nc6+ Kd6 63. Nxa7 Ke6 64. Nb5 Nf6+ 65. Kd3 Nd5 66. Ke4 Nf6+
67. Kd3 Kd5 68. Nc7+ Kd6 69. Nb5+ Kc6 70. a4 Nd5 71. Ke4 Nf4 72. Bxe5 Bxe5 73.
Kxe5 Nxh3 74. Nc3 Nf2 75. Kf5 Kb6 76. Ne4 Nd3 77. Kg6 Ne5+ 1/2-1/2

[Event "Hastings Masters 2017-18"]
[Site "Hastings ENG"]
[Date "2018.01.03"]
[Round "7.14"]
[White "Maisuradze, Nino"]
[Black "Stoyanov, Viktor"]
[Result "1-0"]
[WhiteTitle "WGM"]
[WhiteElo "2256"]
[BlackElo "1950"]
[WhiteFideId "13601717"]
[BlackFideId "450308"]
[EventDate "2017.12.28"]

1. d4 Nf6 2. c4 g6 3. Nc3 d5 4. Nf3 Bg7 5. e3 O-O 6. b4 c6 7. Bb2 Nbd7 8. a4
dxc4 9. Bxc4 Nb6 10. Bb3 Nbd5 11. Nxd5 Nxd5 12. Qd2 Bf5 13. O-O h6 14. Ne5 Qd6
15. Ba3 Nf6 16. b5 c5 17. Qa2 Qc7 18. Bxf7+ Kh7 19. Rac1 b6 20. f3 Qd6 21. Bb3
Ne8 22. Nc6 Bd7 23. dxc5 Qd3 24. Rfe1 Bxc6 25. bxc6 bxc5 26. Bxc5 Nd6 27. Bc2
Qa6 28. Qb1 Rf6 29. Bd4 Re6 30. Bb3 Bxd4 31. Bxe6 Bf6 32. c7 Nc8 33. Bd5 1-0

[Event "Hastings Masters 2017-18"]
[Site "Hastings ENG"]
[Date "2018.01.03"]
[Round "7.15"]
[White "Coleman, David J"]
[Black "Pitschka, Claus"]
[Result "1/2-1/2"]
[WhiteTitle "CM"]
[BlackTitle "FM"]
[WhiteElo "2076"]
[BlackElo "2249"]
[WhiteFideId "402087"]
[BlackFideId "4617762"]
[EventDate "2017.12.28"]

1. e4 Nf6 2. e5 Nd5 3. c4 Nb6 4. d4 d6 5. f4 dxe5 6. fxe5 Nc6 7. Be3 Bf5 8. Nc3
e6 9. Nf3 Bb4 10. Qd2 Na5 11. b3 c5 12. Be2 Nc6 13. a3 cxd4 14. Nxd4 Nxd4 15.
Qxd4 Be7 16. Nb5 O-O 17. O-O Qxd4 18. Bxd4 Rfd8 19. b4 Nd7 20. c5 f6 21. exf6
Nxf6 22. Bc4 Kh8 23. Rad1 Bg4 24. Rde1 a6 25. Bxf6 Bxf6 26. Nc7 Rac8 27. Nxe6
Rd2 28. h3 Bxe6 29. Rxe6 Rcd8 30. Rfe1 h6 31. Re8+ Rxe8 32. Rxe8+ Kh7 33. Be2
Bd4+ 34. Kf1 a5 35. Rd8 Bc3 36. Rxd2 Bxd2 37. bxa5 Be3 38. a6 Bxc5 39. axb7 Ba7
40. Ke1 Kg6 41. Kd2 Kf5 42. Kd3 Ke6 43. Kc4 Kd7 44. b8=Q Bxb8 45. Kb5 Bd6 46. a4 1/2-1/2

[Event "Hastings Masters 2017-18"]
[Site "Hastings ENG"]
[Date "2018.01.03"]
[Round "7.16"]
[White "Britton, Richard L"]
[Black "Boino, Claudio"]
[Result "0-1"]
[WhiteTitle "FM"]
[WhiteElo "2239"]
[BlackElo "2123"]
[WhiteFideId "401692"]
[BlackFideId "1901133"]
[EventDate "2017.12.28"]

1. e4 e5 2. Nf3 Nc6 3. Bb5 a6 4. Ba4 Nf6 5. O-O Be7 6. Re1 b5 7. Bb3 d6 8. c3
O-O 9. h3 Nb8 10. d4 Nbd7 11. Nbd2 Bb7 12. Bc2 Re8 13. Nf1 Bf8 14. Ng3 g6 15. a4
c5 16. d5 c4 17. Bg5 Nc5 18. Qd2 Be7 19. Bh6 Nfd7 20. a5 Bc8 21. Rf1 Bf8 22. Be3
Bg7 23. Nh2 h5 24. Bg5 Bf6 25. Bxf6 Qxf6 26. f4 exf4 27. Rxf4 Qg5 28. Qf2 Ne5
29. h4 Qe7 30. Qd4 Bg4 31. Raf1 Qxh4 32. Ne2 Ra7 33. Qe3 Rae7 34. Nd4 Qg5 35.
Nxg4 Nxg4 36. Qg3 Nxe4 37. Bxe4 Rxe4 38. Rxe4 Rxe4 39. Qxd6 Qe3+ 40. Kh1 Nf2+
41. Kg1 Nd3+ 0-1

[Event "Hastings Masters 2017-18"]
[Site "Hastings ENG"]
[Date "2018.01.03"]
[Round "7.17"]
[White "Salmons, Calum"]
[Black "Wall, Tim P"]
[Result "1/2-1/2"]
[BlackTitle "FM"]
[WhiteElo "1756"]
[BlackElo "2236"]
[WhiteFideId "437280"]
[BlackFideId "401641"]
[EventDate "2017.12.28"]

1. e4 e6 2. Nf3 b6 3. Nc3 Bb7 4. d3 c5 5. g3 d6 6. Bg2 Nf6 7. O-O Be7 8. h3 Nc6
9. Ne2 O-O 10. b3 d5 11. exd5 Nxd5 12. Bb2 Bf6 13. d4 Qc7 14. c4 Nde7 15. Qc1
cxd4 16. Nfxd4 Nxd4 17. Bxd4 Bxd4 18. Nxd4 Bxg2 19. Kxg2 Qb7+ 20. Kg1 e5 21. Nb5
a6 22. Nc3 Nf5 23. Nd5 Nd4 24. Qd1 b5 25. f4 bxc4 26. bxc4 Qa7 27. Kh1 Rac8 28.
Rc1 Qb7 29. Qd3 f6 30. fxe5 fxe5 31. Rxf8+ Rxf8 32. Re1 Qb2 33. Ne7+ Kh8 34. Rf1
Rf2 35. Rxf2 Qxf2 36. h4 g6 37. Qb1 Nf3 38. Qb8+ Kg7 39. Qg8+ Kh6 40. Nf5+ Kh5
41. Qxh7+ Kg4 42. Nh6+ Kh5 43. Nf5+ Kg4 44. Nh6+ Kh5 45. Nf5+ Kg4 46. Nh6+ Kh5
47. Nf5+ Kg4 48. Nh6+ Kh5 1/2-1/2

[Event "Hastings Masters 2017-18"]
[Site "Hastings ENG"]
[Date "2018.01.03"]
[Round "7.18"]
[White "Sugden, John N"]
[Black "Oyama, Akito"]
[Result "1/2-1/2"]
[WhiteElo "2059"]
[BlackElo "2185"]
[WhiteFideId "402001"]
[BlackFideId "7001630"]
[EventDate "2017.12.28"]

1. d4 e6 2. c4 Nf6 3. Nf3 b6 4. g3 Bb7 5. Bg2 Be7 6. O-O O-O 7. Nc3 Ne4 8. Qc2
Nxc3 9. Qxc3 f5 10. b3 Bf6 11. Bb2 d6 12. Qd2 Nd7 13. Ne1 Bxg2 14. Nxg2 Qe8 15.
Rae1 Qg6 16. f4 Be7 17. e3 Nf6 18. Nh4 Qg4 19. Qe2 Ne4 20. Nf3 a5 21. a3 Rae8
22. Nd2 Qxe2 23. Rxe2 Nxd2 24. Rxd2 d5 25. Rc1 Bd6 26. c5 bxc5 27. dxc5 Be7 28.
Be5 c6 29. b4 Ra8 30. Rb2 axb4 31. axb4 Rfc8 32. b5 cxb5 33. Rxb5 Ra6 34. Bd4
Rac6 35. Kf2 R8c7 36. Ke2 Kf7 37. Kd2 Ke8 1/2-1/2

[Event "Hastings Masters 2017-18"]
[Site "Hastings ENG"]
[Date "2018.01.03"]
[Round "7.19"]
[White "Ruane, Brendan J"]
[Black "Hewson, Brian W R"]
[Result "0-1"]
[WhiteElo "1838"]
[BlackElo "2007"]
[WhiteFideId "430218"]
[BlackFideId "437484"]
[EventDate "2017.12.28"]

1. b3 e5 2. Bb2 d6 3. e3 Nf6 4. c4 g6 5. Nc3 Bg7 6. d3 Nc6 7. a3 a5 8. Qc2 Bf5
9. g3 O-O 10. Bg2 Qc8 11. Nd5 Nxd5 12. cxd5 Ne7 13. Rc1 c6 14. Qb1 Ra6 15. Bf1
Rb6 16. e4 Bd7 17. Bc3 Qa8 18. Bg2 Qa6 19. dxc6 bxc6 20. Nf3 Rfb8 21. O-O Rxb3
22. Qc2 Bh6 23. Ra1 Be6 24. d4 Qc4 25. Rab1 Rxb1 26. Rxb1 Rxb1+ 27. Qxb1 Qxc3
28. Qb8+ Nc8 29. h4 exd4 30. e5 Bf8 31. Ng5 Qe1+ 32. Kh2 Qxe5 33. f4 Qe2 34. Qc7
Bd5 35. Qxf7+ Bxf7 0-1

[Event "Hastings Masters 2017-18"]
[Site "Hastings ENG"]
[Date "2018.01.03"]
[Round "7.20"]
[White "Royset, Pal"]
[Black "White, Stuart A"]
[Result "1-0"]
[WhiteElo "2208"]
[BlackElo "2112"]
[WhiteFideId "1501330"]
[BlackFideId "407747"]
[EventDate "2017.12.28"]

1. e4 e6 2. d4 d5 3. Nc3 Nf6 4. Bg5 Bb4 5. e5 h6 6. Bd2 Bxc3 7. bxc3 Ne4 8. Qg4
Kf8 9. h4 Nxd2 10. Kxd2 c5 11. Rh3 c4 12. Rg3 Rg8 13. Nh3 Na6 14. Nf4 Nc7 15.
Nh5 Ne8 16. Re1 b5 17. Ree3 a5 18. Ref3 Ra7 19. Nf6 Nxf6 20. Rxf6 b4 21. Rxh6
bxc3+ 22. Ke2 Qb6 23. Rh8 g6 24. Rxg8+ Kxg8 25. Rxc3 Kf8 26. a3 Qb1 27. Qg5 Ba6
28. Qd8+ Kg7 29. h5 Qc1 30. Qf6+ Kg8 31. hxg6 Qa1 32. gxf7+ 1-0